[Event "448. Wednesday (05.08.2020)"]
[Site "Official B"]
[Date "2020.08.05"]
[Round "2"]
[White "SyWolf777"]
[Black "Tvtower68"]
[Result "0-1"]
[WhiteElo "1669"]
[BlackElo "1836"]
[Annotator "NA RC"]
[PlyCount "68"]
[EventDate "2020.08.05"]
[EventType "swiss (blitz)"]

1. e4 {[%emt 0:00:02]} Nf6 {[%emt 0:00:01]} 2. Nc3 {[%emt 0:00:02]} e5 {[%emt 0:00:04]} 3. Nf3 {[%emt 0:00:05]} Nc6 {[%emt 0:00:02]} 4. Bb5 {[%emt 0:00:02]} d6 {[%emt 0:00:01]} 5. d4 {[%emt 0:00:02]} exd4 {[%emt 0:00:03]} 6. Nxd4 {[%emt 0:00:01]} Bd7 {[%emt 0:00:01]} 7. Nxc6 {[%emt 0:00:08]} bxc6 {[%emt 0:00:01]} 8. Bd3 {[%emt 0:00:02]} h6 {[%emt 0:00:04]} 9. O-O {[%emt 0:00:05]} Rb8 {[%emt 0:00:01]} 10. f4 {[%emt 0:00:09]} Be7 {[%emt 0:00:14]} 11. e5 {[%emt 0:00:07]} Nd5 {[%emt 0:00:10]} 12. Ne4 {[%emt 0:00:17]} dxe5 {[%emt 0:00:08]} 13. fxe5 {[%emt 0:00:06]} Be6 {[%emt 0:00:03]} 14. a3 {[%emt 0:00:18]} a5 {[%emt 0:00:05]} 15. c4 {[%emt 0:00:02]} Nb6 {[%emt 0:00:08]} 16. b3 {[%emt 0:00:04]} a4 {[%emt 0:00:02]} 17. c5 {[%emt 0:00:08]} Qd4+ {[%emt 0:00:09]} 18. Kh1 {[%emt 0:00:08]} Qxa1 {[%emt 0:00:01]} 19. Qf3 {[%emt 0:00:17]} Qxe5 {[%emt 0:00:11]} 20. cxb6 {[%emt 0:00:12]} Rxb6 {[%emt 0:00:07]} 21. Bf4 {[%emt 0:00:07]} Qd4 {[%emt 0:00:19]} 22. Be3 {[%emt 0:00:20]} Qxd3 {[%emt 0:00:16]} 23. Rd1 {[%emt 0:00:19]} Qxb3 {[%emt 0:00:14]} 24. Bxb6 {[%emt 0:00:06]} Qxb6 {[%emt 0:00:09]} 25. h3 {[%emt 0:00:09]} O-O {[%emt 0:00:02]} 26. Rf1 {[%emt 0:00:31]} Bd5 {[%emt 0:00:05]} 27. Qg4 {[%emt 0:00:03]} Bxe4 {[%emt 0:00:08]} 28. Qxe4 {[%emt 0:00:02]} Bxa3 {[%emt 0:00:01]} 29. Qxa4 {[%emt 0:00:04]} Bd6 {[%emt 0:00:08]} 30. Qa2 {[%emt 0:00:03]} Qb5 {[%emt 0:00:04]} 31. Rb1 {[%emt 0:00:03]} Qe5 {[%emt 0:00:01]} 32. g4 {[%emt 0:00:10]} Qe4+ {[%emt 0:00:13]} 33. Kg1 {[%emt 0:00:02]} Bc5+ {[%emt 0:00:05]} 34. Kf1 {[%emt 0:00:02]} Qh1+ {[%emt 0:00:06] SyWolf777 gibt auf (Lag: Av=0.46s, max=1.0s)} 0-1

[Event "448. Wednesday (05.08.2020)"]
[Site "Official B"]
[Date "2020.08.05"]
[Round "2"]
[White "Watchel"]
[Black "Weissi"]
[Result "1/2-1/2"]
[WhiteElo "1666"]
[BlackElo "1414"]
[Annotator "NA RC"]
[PlyCount "91"]
[EventDate "2020.08.05"]
[EventType "swiss (blitz)"]

1. c4 {[%emt 0:00:02]} e6 {[%emt 0:00:01]} 2. Nc3 {[%emt 0:00:02]} Nf6 {[%emt 0:00:02]} 3. d4 {[%emt 0:00:01]} d5 {[%emt 0:00:01]} 4. cxd5 {[%emt 0:00:01]} exd5 {[%emt 0:00:01]} 5. Nf3 {[%emt 0:00:01]} Bd6 {[%emt 0:00:12]} 6. Bg5 {[%emt 0:00:03]} c6 {[%emt 0:00:01]} 7. e3 {[%emt 0:00:01]} O-O {[%emt 0:00:02]} 8. Bd3 {[%emt 0:00:01]} h6 {[%emt 0:00:08]} 9. Bh4 {[%emt 0:00:04]} Bg4 {[%emt 0:00:02]} 10. h3 {[%emt 0:00:02]} Bh5 {[%emt 0:00:02]} 11. O-O {[%emt 0:00:02]} Nbd7 {[%emt 0:00:03]} 12. Rc1 {[%emt 0:00:03]} g5 {[%emt 0:00:15]} 13. Bg3 {[%emt 0:00:04]} Bxg3 {[%emt 0:00:02]} 14. fxg3 {[%emt 0:00:01]} Qc7 {[%emt 0:00:16]} 15. g4 {[%emt 0:00:02]} Bg6 {[%emt 0:00:04]} 16. Ne5 {[%emt 0:00:14]} Nxe5 {[%emt 0:00:09]} 17. dxe5 {[%emt 0:00:12]} Ne4 {[%emt 0:00:21]} 18. Qc2 {[%emt 0:00:27]} Qxe5 {[%emt 0:00:08]} 19. Rf3 {[%emt 0:00:06]} f5 {[%emt 0:00:20]} 20. gxf5 {[%emt 0:00:04]} Bxf5 {[%emt 0:00:14]} 21. Rcf1 {[%emt 0:00:04]} g4 {[%emt 0:00:20] Watchel reconnected.} 22. hxg4 {[%emt 0:00:06]} Bxg4 {[%emt 0:00:13]} 23. Rxf8+ {[%emt 0:00:05]} Rxf8 {[%emt 0:00:02]} 24. Rxf8+ {[%emt 0:00:02]} Kxf8 {[%emt 0:00:02]} 25. Nxe4 {[%emt 0:00:01]} dxe4 {[%emt 0:00:09]} 26. Bxe4 {[%emt 0:00:05]} Qg5 {[%emt 0:00:16]} 27. Qf2+ {[%emt 0:00:04]} Kg7 {[%emt 0:00:06]} 28. Qf4 {[%emt 0:00:06]} Qxf4 {[%emt 0:00:09]} 29. exf4 {[%emt 0:00:02]} Kf6 {[%emt 0:00:08]} 30. Kf2 {[%emt 0:00:01]} Bf5 {[%emt 0:00:02]} 31. Ke3 {[%emt 0:00:05]} Bxe4 {[%emt 0:00:03]} 32. Kxe4 {[%emt 0:00:02]} Ke6 {[%emt 0:00:06]} 33. g4 {[%emt 0:00:03]} b6 {[%emt 0:00:09]} 34. b3 {[%emt 0:00:03]} a6 {[%emt 0:00:02]} 35. a3 {[%emt 0:00:01]} c5 {[%emt 0:00:05]} 36. a4 {[%emt 0:00:03]} b5 {[%emt 0:00:02]} 37. axb5 {[%emt 0:00:02]} axb5 {[%emt 0:00:01]} 38. f5+ {[%emt 0:00:03]} Kf6 {[%emt 0:00:10]} 39. Kf4 {[%emt 0:00:10]} c4 {[%emt 0:00:03]} 40. bxc4 {[%emt 0:00:01]} bxc4 {[%emt 0:00:01]} 41. Ke4 {[%emt 0:00:03]} c3 {[%emt 0:00:06]} 42. Kd3 {[%emt 0:00:02]} h5 {[%emt 0:00:05]} 43. gxh5 {[%emt 0:00:06]} Kxf5 {[%emt 0:00:02]} 44. h6 {[%emt 0:00:01]} Kg6 {[%emt 0:00:02]} 45. h7 {[%emt 0:00:00]} Kxh7 {[%emt 0:00:01]} 46. Kxc3 {[%emt 0:00:02] (Lag: Av=0.35s, max=0.7s)} 1/2-1/2

[Event "448. Wednesday (05.08.2020)"]
[Site "Official B"]
[Date "2020.08.05"]
[Round "2"]
[White "Königsinder"]
[Black "W Nelles"]
[Result "1-0"]
[WhiteElo "1626"]
[BlackElo "1352"]
[Annotator "NA RC"]
[PlyCount "57"]
[EventDate "2020.08.05"]
[EventType "swiss (blitz)"]
[WhiteTeam "SF Barsinghausen"]

{Serreck, Uwe (1889)} 1. e4 {[%emt 0:00:03]} e5 {[%emt 0:00:01]} 2. Nf3 {[%emt 0:00:02]} Nc6 {[%emt 0:00:01]} 3. d4 {[%emt 0:00:01]} exd4 {[%emt 0:00:02]} 4. Nxd4 {[%emt 0:00:04]} Nxd4 {[%emt 0:00:02]} 5. Qxd4 {[%emt 0:00:07]} c5 {[%emt 0:00:04]} 6. Qe3 {[%emt 0:00:03]} Nf6 {[%emt 0:00:03]} 7. Nc3 {[%emt 0:00:02]} b6 {[%emt 0:00:05]} 8. Bc4 {[%emt 0:00:08]} Bb7 {[%emt 0:00:04]} 9. Bd2 {[%emt 0:00:09]} Be7 {[%emt 0:00:04]} 10. O-O-O {[%emt 0:00:02]} O-O {[%emt 0:00:01]} 11. Rhg1 {[%emt 0:00:08]} Ng4 {[%emt 0:00:17]} 12. Qg3 {[%emt 0:00:07]} h5 {[%emt 0:00:09]} 13. f3 {[%emt 0:00:04]} d6 {[%emt 0:00:15]} 14. fxg4 {[%emt 0:00:03]} Bh4 {[%emt 0:00:02]} 15. Qe3 {[%emt 0:00:06]} hxg4 {[%emt 0:00:07]} 16. g3 {[%emt 0:00:03]} Bf6 {[%emt 0:00:04]} 17. Nd5 {[%emt 0:00:02]} Bxd5 {[%emt 0:00:03]} 18. Bxd5 {[%emt 0:00:01]} Rb8 {[%emt 0:00:01]} 19. Bc3 {[%emt 0:00:03]} b5 {[%emt 0:00:11]} 20. Bxf6 {[%emt 0:00:11]} Qxf6 {[%emt 0:00:02]} 21. Qf4 {[%emt 0:00:04]} Qxf4+ {[%emt 0:00:14]} 22. gxf4 {[%emt 0:00:02]} Kh7 {[%emt 0:00:01]} 23. Rxg4 {[%emt 0:00:03]} g6 {[%emt 0:00:03]} 24. Rdg1 {[%emt 0:00:03]} a5 {[%emt 0:00:04]} 25. f5 {[%emt 0:00:02]} Rbe8 {[%emt 0:00:09]} 26. fxg6+ {[%emt 0:00:02]} fxg6 {[%emt 0:00:02]} 27. Rxg6 {[%emt 0:00:02]} Rf1+ {[%emt 0:00:02]} 28. Rxf1 {[%emt 0:00:09]} Kxg6 {[%emt 0:00:03]} 29. Bf7+ {[%emt 0:00:02] W Nelles gibt auf (Lag: Av=1.02s, max=1.9s)} 1-0

[Event "448. Wednesday (05.08.2020)"]
[Site "Official B"]
[Date "2020.08.05"]
[Round "2"]
[White "möwe"]
[Black "Smart-arse"]
[Result "0-1"]
[WhiteElo "1544"]
[BlackElo "1818"]
[Annotator "NA RC"]
[PlyCount "40"]
[EventDate "2020.08.05"]
[EventType "swiss (blitz)"]

1. e4 {[%emt 0:00:01]} e5 {[%emt 0:00:02]} 2. Nf3 {[%emt 0:00:02]} Nc6 {[%emt 0:00:02]} 3. Bb5 {[%emt 0:00:01]} a6 {[%emt 0:00:04]} 4. Ba4 {[%emt 0:00:01]} Nf6 {[%emt 0:00:01]} 5. d3 {[%emt 0:00:02]} Bc5 {[%emt 0:00:23]} 6. O-O {[%emt 0:00:02]} b5 {[%emt 0:00:05]} 7. Bb3 {[%emt 0:00:02]} d6 {[%emt 0:00:01]} 8. Bg5 {[%emt 0:00:02]} h6 {[%emt 0:00:07]} 9. Bh4 {[%emt 0:00:03]} g5 {[%emt 0:00:39]} 10. Bg3 {[%emt 0:00:21]} O-O {[%emt 0:00:05]} 11. Nc3 {[%emt 0:00:07]} Ne7 {[%emt 0:00:11]} 12. h4 {[%emt 0:00:09]} g4 {[%emt 0:00:05]} 13. Nd2 {[%emt 0:00:28]} Ng6 {[%emt 0:00:01]} 14. Nd5 {[%emt 0:00:06]} Nh5 {[%emt 0:00:01]} 15. Kh2 {[%emt 0:00:07]} Nxh4 {[%emt 0:00:23]} 16. Ne3 {[%emt 0:00:14]} Qg5 {[%emt 0:00:03]} 17. Bd5 {[%emt 0:00:37]} Rb8 {[%emt 0:00:12]} 18. Nf5 {[%emt 0:00:22]} Nxf5 {[%emt 0:00:11]} 19. exf5 {[%emt 0:00:02]} Nxg3 {[%emt 0:00:01]} 20. fxg3 {[%emt 0:00:06]} Qh5# {[%emt 0:00:02] (Lag: Av=1.12s, max=1.6s)} 0-1

[Event "448. Wednesday (05.08.2020)"]
[Site "Official B"]
[Date "2020.08.05"]
[Round "2"]
[White "Ciberrocker"]
[Black "Joroger"]
[Result "1-0"]
[WhiteElo "1537"]
[BlackElo "1868"]
[Annotator "NA RC"]
[PlyCount "23"]
[EventDate "2020.08.05"]
[EventType "swiss (blitz)"]

1. e4 {[%emt 0:00:01]} c5 {[%emt 0:00:02]} 2. Nc3 {[%emt 0:00:01]} d6 {[%emt 0:00:02]} 3. Bc4 {[%emt 0:00:00]} e6 {[%emt 0:00:01]} 4. Qf3 {[%emt 0:00:01]} Nf6 {[%emt 0:00:01]} 5. d3 {[%emt 0:00:00]} Nc6 {[%emt 0:00:01]} 6. Be3 {[%emt 0:00:01]} Ne5 {[%emt 0:00:01]} 7. Qg3 {[%emt 0:00:01]} Nxc4 {[%emt 0:00:02]} 8. dxc4 {[%emt 0:00:00]} a6 {[%emt 0:00:18]} 9. O-O-O {[%emt 0:00:01]} b6 {[%emt 0:00:01]} 10. e5 {[%emt 0:00:02]} Nh5 {[%emt 0:00:31]} 11. Qf3 {[%emt 0:00:05]} g6 {[%emt 0:00:05]} 12. Qxa8 {[%emt 0:00:02] Joroger gibt auf (Lag: Av=0.59s, max=1.1s)} 1-0

[Event "448. Wednesday (05.08.2020)"]
[Site "Official B"]
[Date "2020.08.05"]
[Round "2"]
[White "Flaviao"]
[Black "KDK"]
[Result "1-0"]
[WhiteElo "1522"]
[BlackElo "1608"]
[Annotator "NA RC"]
[PlyCount "85"]
[EventDate "2020.08.05"]
[EventType "swiss (blitz)"]

1. c4 {[%emt 0:00:02]} e5 {[%emt 0:00:02]} 2. Nc3 {[%emt 0:00:01]} Bc5 {[%emt 0:00:03]} 3. e3 {[%emt 0:00:01]} Nf6 {[%emt 0:00:02]} 4. Qc2 {[%emt 0:00:02]} c6 {[%emt 0:00:02]} 5. Ne4 {[%emt 0:00:03]} Nxe4 {[%emt 0:00:03]} 6. Qxe4 {[%emt 0:00:02]} Qe7 {[%emt 0:00:09]} 7. Nf3 {[%emt 0:00:06]} d6 {[%emt 0:00:01]} 8. a3 {[%emt 0:00:08]} a6 {[%emt 0:00:03]} 9. b4 {[%emt 0:00:06]} Bb6 {[%emt 0:00:01]} 10. Bb2 {[%emt 0:00:01]} Bc7 {[%emt 0:00:02]} 11. Be2 {[%emt 0:00:15]} g6 {[%emt 0:00:05]} 12. d4 {[%emt 0:00:10]} Bf5 {[%emt 0:00:03]} 13. Qh4 {[%emt 0:00:06]} Qe6 {[%emt 0:00:28]} 14. dxe5 {[%emt 0:00:12]} dxe5 {[%emt 0:00:04]} 15. O-O {[%emt 0:00:07]} O-O {[%emt 0:00:14]} 16. Ng5 {[%emt 0:00:03]} h5 {[%emt 0:00:21]} 17. Nxe6 {[%emt 0:00:03]} fxe6 {[%emt 0:00:00]} 18. e4 {[%emt 0:00:06]} Bd8 {[%emt 0:00:16]} 19. Qg3 {[%emt 0:00:04]} h4 {[%emt 0:00:03]} 20. Qe3 {[%emt 0:00:07]} Nd7 {[%emt 0:00:28]} 21. exf5 {[%emt 0:00:02]} Rxf5 {[%emt 0:00:00]} 22. Bg4 {[%emt 0:00:07]} Rf6 {[%emt 0:00:02]} 23. Rad1 {[%emt 0:00:05]} Nb6 {[%emt 0:00:04]} 24. Bxe5 {[%emt 0:00:07]} Nxc4 {[%emt 0:00:11]} 25. Qe4 {[%emt 0:00:34]} Nxe5 {[%emt 0:00:07]} 26. Qxe5 {[%emt 0:00:01]} Kf7 {[%emt 0:00:08]} 27. Rd7+ {[%emt 0:00:05]} Be7 {[%emt 0:00:01]} 28. Rfd1 {[%emt 0:00:12]} a5 {[%emt 0:00:15]} 29. Rxb7 {[%emt 0:00:02]} axb4 {[%emt 0:00:04]} 30. Qc7 {[%emt 0:00:03]} Re8 {[%emt 0:00:07]} 31. axb4 {[%emt 0:00:02]} g5 {[%emt 0:00:05]} 32. Rd7 {[%emt 0:00:04]} e5 {[%emt 0:00:13]} 33. Bh5+ {[%emt 0:00:05]} Ke6 {[%emt 0:00:12]} 34. Bxe8 {[%emt 0:00:02]} Bf8 {[%emt 0:00:05]} 35. Qxc6+ {[%emt 0:00:07]} Kf5 {[%emt 0:00:02]} 36. Qc2+ {[%emt 0:00:05]} Kg4 {[%emt 0:00:03]} 37. Qd2 {[%emt 0:00:06]} Rf4 {[%emt 0:00:11]} 38. Qe2+ {[%emt 0:00:04]} Kf5 {[%emt 0:00:02]} 39. Rf7+ {[%emt 0:00:02]} Ke6 {[%emt 0:00:05]} 40. Rxf4 {[%emt 0:00:03]} gxf4 {[%emt 0:00:00]} 41. Qg4+ {[%emt 0:00:03]} Kd5 {[%emt 0:00:01]} 42. Bf7+ {[%emt 0:00:06]} Kc6 {[%emt 0:00:03]} 43. Qd7# {[%emt 0:00:03] (Lag: Av=0.78s, max=1.1s)} 1-0

[Event "448. Wednesday (05.08.2020)"]
[Site "Official B"]
[Date "2020.08.05"]
[Round "2"]
[White "Holzpferd"]
[Black "Rainer Günnel"]
[Result "0-1"]
[WhiteElo "1479"]
[BlackElo "1318"]
[Annotator "NA RC"]
[PlyCount "28"]
[EventDate "2020.08.05"]
[EventType "swiss (blitz)"]

1. c4 {[%emt 0:00:03]} Nf6 {[%emt 0:00:02]} 2. Nc3 {[%emt 0:00:01]} d5 {[%emt 0:00:01]} 3. cxd5 {[%emt 0:00:02]} Nxd5 {[%emt 0:00:00]} 4. g3 {[%emt 0:00:01]} c6 {[%emt 0:00:01]} 5. Bg2 {[%emt 0:00:01]} g6 {[%emt 0:00:01]} 6. e4 {[%emt 0:00:03]} Nb6 {[%emt 0:00:02]} 7. Nge2 {[%emt 0:00:02]} Bg7 {[%emt 0:00:06]} 8. O-O {[%emt 0:00:01]} O-O {[%emt 0:00:02]} 9. b3 {[%emt 0:00:05]} Bg4 {[%emt 0:00:07]} 10. f3 {[%emt 0:00:02]} Be6 {[%emt 0:00:06]} 11. Bb2 {[%emt 0:00:01]} N8d7 {[%emt 0:00:18]} 12. Nf4 {[%emt 0:00:02]} Nc5 {[%emt 0:00:02]} 13. Nxe6 {[%emt 0:00:15]} Nxe6 {[%emt 0:00:02]} 14. Ne2 {[%emt 0:00:08]} Bxb2 {[%emt 0:00:23] Holzpferd gibt auf (Lag: Av=0.11s, max=0.2s)} 0-1

[Event "448. Wednesday (05.08.2020)"]
[Site "Official B"]
[Date "2020.08.05"]
[Round "2"]
[White "Vhêne"]
[Black "Martin Reiß"]
[Result "0-1"]
[WhiteElo "1478"]
[BlackElo "1751"]
[Annotator "NA RC"]
[PlyCount "50"]
[EventDate "2020.08.05"]
[EventType "swiss (blitz)"]

1. d4 {[%emt 0:00:01]} c6 {[%emt 0:00:01]} 2. Bf4 {[%emt 0:00:00]} d5 {[%emt 0:00:01]} 3. e3 {[%emt 0:00:01]} Nf6 {[%emt 0:00:01]} 4. c3 {[%emt 0:00:01]} Bf5 {[%emt 0:00:01]} 5. Nd2 {[%emt 0:00:02]} Nbd7 {[%emt 0:00:01]} 6. Ngf3 {[%emt 0:00:01]} h6 {[%emt 0:00:01]} 7. h3 {[%emt 0:00:02]} e6 {[%emt 0:00:01]} 8. c4 {[%emt 0:00:02]} Qb6 {[%emt 0:00:07]} 9. b3 {[%emt 0:00:02]} Bb4 {[%emt 0:00:04]} 10. Rc1 {[%emt 0:00:06]} Ne4 {[%emt 0:00:01]} 11. c5 {[%emt 0:00:05]} Qa5 {[%emt 0:00:03]} 12. Be2 {[%emt 0:00:09]} Qxa2 {[%emt 0:00:08]} 13. g4 {[%emt 0:00:04]} Bh7 {[%emt 0:00:04]} 14. O-O {[%emt 0:00:02]} Nxd2 {[%emt 0:00:13]} 15. Rc2 {[%emt 0:00:08]} Nxf3+ {[%emt 0:00:02]} 16. Bxf3 {[%emt 0:00:05]} Qxc2 {[%emt 0:00:06]} 17. Qxc2 {[%emt 0:00:03]} Bxc2 {[%emt 0:00:01]} 18. g5 {[%emt 0:00:08]} hxg5 {[%emt 0:00:02]} 19. Bxg5 {[%emt 0:00:02]} a5 {[%emt 0:00:02]} 20. h4 {[%emt 0:00:02]} Bxb3 {[%emt 0:00:04]} 21. Rb1 {[%emt 0:00:02]} Bc2 {[%emt 0:00:02]} 22. Rb2 {[%emt 0:00:02]} Be4 {[%emt 0:00:03]} 23. Be2 {[%emt 0:00:05]} f6 {[%emt 0:00:04]} 24. Bf4 {[%emt 0:00:02]} Rxh4 {[%emt 0:00:02]} 25. Bg3 {[%emt 0:00:02]} Rh1# {[%emt 0:00:04] (Lag: Av=0.39s, max=0.9s)} 0-1

[Event "448. Wednesday (05.08.2020)"]
[Site "Official B"]
[Date "2020.08.05"]
[Round "2"]
[White "Serrano2003"]
[Black "Chessalex"]
[Result "0-1"]
[WhiteElo "1388"]
[BlackElo "1643"]
[Annotator "NA RC"]
[PlyCount "68"]
[EventDate "2020.08.05"]
[EventType "swiss (blitz)"]

1. e4 {[%emt 0:00:03]} c5 {[%emt 0:00:02]} 2. Nf3 {[%emt 0:00:02]} d6 {[%emt 0:00:01]} 3. d4 {[%emt 0:00:01]} cxd4 {[%emt 0:00:02]} 4. Nxd4 {[%emt 0:00:01]} Nf6 {[%emt 0:00:01]} 5. Nc3 {[%emt 0:00:02]} a6 {[%emt 0:00:01]} 6. f3 {[%emt 0:00:02]} e5 {[%emt 0:00:01]} 7. Nde2 {[%emt 0:00:02]} Be7 {[%emt 0:00:01]} 8. Ng3 {[%emt 0:00:01]} Be6 {[%emt 0:00:02]} 9. Be3 {[%emt 0:00:01]} O-O {[%emt 0:00:02]} 10. Nd5 {[%emt 0:00:03]} Nc6 {[%emt 0:00:03]} 11. Nxe7+ {[%emt 0:00:02]} Qxe7 {[%emt 0:00:01]} 12. Bd3 {[%emt 0:00:01]} Rfd8 {[%emt 0:00:03]} 13. O-O {[%emt 0:00:02]} b5 {[%emt 0:00:03]} 14. a3 {[%emt 0:00:02]} Rac8 {[%emt 0:00:04]} 15. c3 {[%emt 0:00:02]} Na5 {[%emt 0:00:01]} 16. Bc2 {[%emt 0:00:04]} Nc4 {[%emt 0:00:03]} 17. Bc1 {[%emt 0:00:05]} d5 {[%emt 0:00:05]} 18. b3 {[%emt 0:00:02]} dxe4 {[%emt 0:00:03]} 19. Nxe4 {[%emt 0:00:03]} Rxd1 {[%emt 0:00:03]} 20. Nxf6+ {[%emt 0:00:03]} Qxf6 {[%emt 0:00:04]} 21. Rxd1 {[%emt 0:00:01]} Nb6 {[%emt 0:00:04]} 22. Be3 {[%emt 0:00:04]} Nd7 {[%emt 0:00:02]} 23. Rd2 {[%emt 0:00:05]} g6 {[%emt 0:00:01]} 24. Rad1 {[%emt 0:00:02]} Kg7 {[%emt 0:00:11]} 25. Rxd7 {[%emt 0:00:03]} Bxd7 {[%emt 0:00:02]} 26. Rxd7 {[%emt 0:00:01]} Rxc3 {[%emt 0:00:02]} 27. Bxg6 {[%emt 0:00:22]} hxg6 {[%emt 0:00:03]} 28. Bd2 {[%emt 0:00:02]} Rxb3 {[%emt 0:00:02]} 29. Ra7 {[%emt 0:00:05]} Rxa3 {[%emt 0:00:02]} 30. Bb4 {[%emt 0:00:03]} Ra4 {[%emt 0:00:03]} 31. Bf8+ {[%emt 0:00:02]} Kh7 {[%emt 0:00:02]} 32. Ra8 {[%emt 0:00:04]} Qc6 {[%emt 0:00:03]} 33. Kf2 {[%emt 0:00:04]} Qxa8 {[%emt 0:00:02]} 34. Kg3 {[%emt 0:00:02]} Qxf8 {[%emt 0:00:02] Serrano2003 rinde (Lag: Av=0.72s, max=1.1s)} 0-1

[Event "448. Wednesday (05.08.2020)"]
[Site "Official B"]
[Date "2020.08.05"]
[Round "2"]
[White "Belmonte"]
[Black "AgentsofShield"]
[Result "0-1"]
[WhiteElo "1383"]
[BlackElo "1757"]
[Annotator "NA RC"]
[PlyCount "56"]
[EventDate "2020.08.05"]
[EventType "swiss (blitz)"]

1. c4 {[%emt 0:00:01]} Nf6 {[%emt 0:00:05]} 2. d4 {[%emt 0:00:01]} d6 {[%emt 0:00:02]} 3. Nc3 {[%emt 0:00:01]} g6 {[%emt 0:00:08]} 4. Nf3 {[%emt 0:00:02]} Bg7 {[%emt 0:00:00]} 5. e4 {[%emt 0:00:03]} O-O {[%emt 0:00:02]} 6. Be2 {[%emt 0:00:01]} e5 {[%emt 0:00:03]} 7. O-O {[%emt 0:00:03]} Nc6 {[%emt 0:00:07]} 8. Bg5 {[%emt 0:00:08]} exd4 {[%emt 0:00:09]} 9. Nxd4 {[%emt 0:00:04]} Nxd4 {[%emt 0:00:06]} 10. Qxd4 {[%emt 0:00:01]} Nxe4 {[%emt 0:00:11]} 11. Qxe4 {[%emt 0:00:05]} Qxg5 {[%emt 0:00:02]} 12. Rac1 {[%emt 0:00:20]} c6 {[%emt 0:00:04]} 13. Qf3 {[%emt 0:00:20]} Bf5 {[%emt 0:00:11]} 14. h3 {[%emt 0:00:14]} h5 {[%emt 0:00:03]} 15. Bd3 {[%emt 0:00:09]} Be6 {[%emt 0:00:17]} 16. Ne4 {[%emt 0:00:12]} Qe7 {[%emt 0:00:01]} 17. Rfe1 {[%emt 0:00:13]} Bxb2 {[%emt 0:00:03]} 18. Rc2 {[%emt 0:00:05]} Bg7 {[%emt 0:00:02]} 19. Rce2 {[%emt 0:00:04]} d5 {[%emt 0:00:02]} 20. cxd5 {[%emt 0:00:03]} Bxd5 {[%emt 0:00:04]} 21. Nf6+ {[%emt 0:00:24]} Qxf6 {[%emt 0:00:06]} 22. Qxf6 {[%emt 0:00:01]} Bxf6 {[%emt 0:00:00]} 23. Be4 {[%emt 0:00:19]} Be6 {[%emt 0:00:10]} 24. a3 {[%emt 0:00:05]} Kg7 {[%emt 0:00:03]} 25. Bf3 {[%emt 0:00:16]} Rad8 {[%emt 0:00:02]} 26. Re4 {[%emt 0:00:11]} Bd5 {[%emt 0:00:05]} 27. R4e3 {[%emt 0:00:02]} Bg5 {[%emt 0:00:02]} 28. Rb3 {[%emt 0:00:06]} Bxb3 {[%emt 0:00:02] Belmonte gibt auf (Lag: Av=0.74s, max=1.5s)} 0-1

[Event "448. Wednesday (05.08.2020)"]
[Site "Official B"]
[Date "2020.08.05"]
[Round "2"]
[White "Duckduck"]
[Black "Minimaxi0708"]
[Result "1-0"]
[WhiteElo "1368"]
[BlackElo "1548"]
[Annotator "NA RC"]
[PlyCount "85"]
[EventDate "2020.08.05"]
[EventType "swiss (blitz)"]

1. d4 {[%emt 0:00:03]} e6 {[%emt 0:00:03]} 2. e3 {[%emt 0:00:01]} Nf6 {[%emt 0:00:03]} 3. a3 {[%emt 0:00:01]} d5 {[%emt 0:00:01]} 4. c4 {[%emt 0:00:01]} c6 {[%emt 0:00:02]} 5. Qc2 {[%emt 0:00:01]} Be7 {[%emt 0:00:12]} 6. b4 {[%emt 0:00:02]} O-O {[%emt 0:00:03]} 7. Bb2 {[%emt 0:00:00]} dxc4 {[%emt 0:00:02]} 8. Bxc4 {[%emt 0:00:02]} Nbd7 {[%emt 0:00:03]} 9. Nf3 {[%emt 0:00:02]} a5 {[%emt 0:00:06]} 10. bxa5 {[%emt 0:00:02]} Rxa5 {[%emt 0:00:00]} 11. O-O {[%emt 0:00:03]} b5 {[%emt 0:00:03]} 12. Bd3 {[%emt 0:00:04]} c5 {[%emt 0:00:04]} 13. Nc3 {[%emt 0:00:16]} cxd4 {[%emt 0:00:13]} 14. Nxd4 {[%emt 0:00:04]} Qb6 {[%emt 0:00:34]} 15. Ncxb5 {[%emt 0:00:18]} e5 {[%emt 0:00:08]} 16. Nf5 {[%emt 0:00:06]} Bc5 {[%emt 0:00:20]} 17. a4 {[%emt 0:00:10]} Ba6 {[%emt 0:00:19]} 18. Ba3 {[%emt 0:00:05]} Bxa3 {[%emt 0:00:07]} 19. Rxa3 {[%emt 0:00:06]} Bxb5 {[%emt 0:00:04]} 20. Bxb5 {[%emt 0:00:02]} Raa8 {[%emt 0:00:16]} 21. Rb1 {[%emt 0:00:08]} g6 {[%emt 0:00:17]} 22. Ng3 {[%emt 0:00:15]} Rac8 {[%emt 0:00:06]} 23. Qb3 {[%emt 0:00:06]} Qc5 {[%emt 0:00:10]} 24. h3 {[%emt 0:00:04]} Qc2 {[%emt 0:00:17]} 25. Bxd7 {[%emt 0:00:11]} Nxd7 {[%emt 0:00:06]} 26. a5 {[%emt 0:00:01]} Qxb3 {[%emt 0:00:03]} 27. Raxb3 {[%emt 0:00:03]} Nc5 {[%emt 0:00:03]} 28. Rb5 {[%emt 0:00:02]} Nd3 {[%emt 0:00:02]} 29. a6 {[%emt 0:00:03]} Rc1+ {[%emt 0:00:04]} 30. Rxc1 {[%emt 0:00:02]} Nxc1 {[%emt 0:00:00]} 31. a7 {[%emt 0:00:03]} Ra8 {[%emt 0:00:01]} 32. Rb8+ {[%emt 0:00:01]} Rxb8 {[%emt 0:00:02]} 33. axb8=Q+ {[%emt 0:00:01]} Kg7 {[%emt 0:00:00]} 34. Ne4 {[%emt 0:00:02]} Ne2+ {[%emt 0:00:01]} 35. Kh2 {[%emt 0:00:07]} Nc1 {[%emt 0:00:02]} 36. Qxe5+ {[%emt 0:00:02]} Kh6 {[%emt 0:00:02]} 37. Qf6 {[%emt 0:00:08]} Nd3 {[%emt 0:00:02]} 38. f3 {[%emt 0:00:04]} Ne1 {[%emt 0:00:10]} 39. Ng5 {[%emt 0:00:03]} Kh5 {[%emt 0:00:03]} 40. Nxf7 {[%emt 0:00:08]} h6 {[%emt 0:00:13]} 41. e4 {[%emt 0:00:06]} Nxf3+ {[%emt 0:00:05]} 42. gxf3 {[%emt 0:00:04]} g5 {[%emt 0:00:03]} 43. Qxh6# {[%emt 0:00:03] (Lag: Av=0.55s, max=1.1s)} 1-0